| 000 | 00631nam a2200181 a 4500 | ||
|---|---|---|---|
| 005 | 20140412111309.0 | ||
| 008 | 010327s19uu xx 00 eng d | ||
| 020 | _a0-8118-1047-X | ||
| 050 |
_aTR(PS E _bSo2 1993 |
||
| 100 | _aRascal | ||
| 245 |
_aSocrates / _cstory by Rascal ; illustrations by Gert Bogaerts. |
||
| 260 |
_aSan Francisco : _bChronicle Books, _c1993. |
||
| 300 | _a32p. ; ill. ; 29.8x24.5cm | ||
| 520 | _aWhen Socrates, a homeless dog, finds a pair of eyeglasses in the street, the incident benefits him in more ways than one. | ||
| 650 | _aDogs - Fiction | ||
| 650 | _aEyeglasses - Fiction | ||
| 999 |
_c103871 _d103871 |
||